Comedias burlescas del siglo de oro /

Guardado en:
Otros Autores: Arellano, Ignacio, García Valdés, Celsa, Mata, Carlos, Pinillos, María del Carmen
Formato: Libro
Publicado: Madrid : Espasa Calpe, 1999
Series:Serie Roja. Teatro
Materias:
Etiquetas: Agregar Etiqueta
Sin Etiquetas, Sea el primero en etiquetar este registro!
LEADER 00992nam a22002895a 4500
001 CEM.cems012957
005 20080918085813.0
008 130507s1999##################000#0#####d
003 CEMS
020 |a 8423974634 
082 0 4 |a 862.3 
245 0 0 |a Comedias burlescas del siglo de oro /  |c Ignacio Arellano ... [et Al.] 
260 |a Madrid :  |b  Espasa Calpe,  |c 1999 
300 |a 421 p. 
490 0 |a Serie Roja. Teatro 
505 0 |a El Hamete de Toledo (Tres ingenios) -- El caballero de Olmedo (De Monteser) -- Darlo todo o no dar nada (Lanini) -- Céfalo y Pocris (Calderón de la Barca) 
653 |a Literatura 
653 |a Literatura española 
653 |a Teatro 
653 |a Teatro español 
653 |a Literatura-siglo de oro 
653 |a Comedias burlescas-siglo de oro 
700 1 |a Arellano, Ignacio 
700 1 |a García Valdés, Celsa 
700 1 |a Mata, Carlos 
700 1 |a Pinillos, María del Carmen 
859 |a CEMS  |b BIB. CEMS - 11 de abril  |h 862.3  |i C584  |p 25258.08  |t Ej.1